00273nam a2200085Ia 4500008004100000041000800041100002300049245007200072260004300144241105s9999 xx 000 0 und d aeng aChavan Nishigandha aRestruring Humanized Landscape With Eco Responsive Plannng Approach bBNCA-M arch Digital Architecturec2021